000 00539nam a22001337a 4500
008 230703b xxu||||| |||| 00| 0 eng d
082 _a352
_bCOL
100 _cColony and Protectorate of Kenya
245 _aColony and Protectorate of Kenya
_bReport of the local Government commission 1927
_cVolume 2
_hThe Settled areas.Grant of Maistarial powers to selected justices of the peace.Central Authority for Local Government purposes
260 _aLondon
_bcrown Agents for the colonies
300 _a202p
440 _vvolume 2
942 _2ddc
_cBK
999 _c3190
_d3190